Shari'a Law and the Modern Nation-State : A Malaysian Symposium /

Bibliographic Details
Format: Book
Published: Kuala Lumpur: Sisters in Islam, 1994.
Subjects:
LEADER 00737cam a2200229 7i4500
001 0000060936
005 20151104090000.0
005 ##20151104182700.0
003 ##MY-KlINT
020 # # |a 967947187X  
039 # 9 |y 201511041827  |z VLOAD 
090 0 0 |a 344.595 SHA  
245 0 0 |a Shari'a Law and the Modern Nation-State :   |b A Malaysian Symposium /   |c edited by Norani Othman.. 
260 # # |a Kuala Lumpur:   |b Sisters in Islam,   |c 1994. 
300 # # |a 160 p.. 
650 # 0 |a Islamic law in Malaysia  
650 # 0 |a Islamic law and the modern state  
650 # 0 |a Islam and politics--Malaysia  
996 |a ikwas2004.out 
997 |a 3000106546  |b IKWS  |c MNF  |d BOK 
998 |a 0000007885 
999 |a 3000106546  |b BOOK  |c Main Non-Fiction  |e INTAN Kampus Wilayah Selatan